000
00335nam a2200145Ia 4500
005
20251222143308.0
008
251222s9999||||xx |||||||||||||| ||spa||
020
_a
99725606392
082
_a
986.601/E88
100
_a
Espinosa Reyes, Ricardo
245
0
_a
La Gran Ruta Inga:
250
_a
1ra.ed.
264
_b
Ipna
942
_c
LIB
999
_c
15605
_d
15605